000 00382cam a22001217a 4500
008 180718b1975 xxu||||| |||| 00| 0 eng d
082 _aA81x54 In2/71/27/PT2A
100 _aCensus of India 1971
245 _aDelhi: general population tables
260 _aDelhi
_bThe Controller of Publications
_c1975
300 _a136+p.
440 _aCensus of India 1971. Series-27, Delhi. Part II-A
999 _c485585
_d485585